| 000 | 00523 a2200181 4500 | ||
|---|---|---|---|
| 020 | _a0131487256 | ||
| 035 | _a(OCoLC)ocm60559881 | ||
| 040 |
_aDLC _bDLC |
||
| 082 | 0 | 4 | _a621.382 |
| 100 | 1 | _aDodd, Annabel Z. | |
| 245 | 1 | 4 |
_aThe essential guide to telecommunications _cAnnabel Z. Dodd. |
| 250 | _a4th ed. | ||
| 260 |
_aUpper Saddle River, N.J. : _bPrentice Hall PTR, _cc2005. |
||
| 300 |
_axxii, 594 p. : _bill. ; _c24 cm. |
||
| 500 | _aPrevious ed.: 2002. | ||
| 650 | 0 | _aTelecommunication. | |
| 942 |
_cBK _k621.382 DOO _2ddc |
||
| 999 |
_c8122 _d8122 |
||